CORTINA'S GERMAN IN 20 LESSONS/

Zapisane w:
Opis bibliograficzny
1. autor: Lange, Eva C. (autor)
Format: Książka
Hasła przedmiotowe:
Etykiety: Dodaj etykietę
Nie ma etykietki, Dołącz pierwszą etykiete!

MARC

LEADER 00000nam^a2200000^a^4500
001 000219687
005 20250521000000.0
009 20260310103824.638
035 |a 040840 
037 |a Acervo Xavier Clavigero 
082 |a 431. LAN 
100 |a Lange, Eva C.  |e (autor) 
245 1 0 |a CORTINA'S GERMAN IN 20 LESSONS/  |c EVA C. LANGE 
264 |a NEW YORK :  |b R.D. CORTINA CO. INC.,  |c 1956 
300 |a 360p. :  |b il. 
336 |a texto  |b txt  |2 rdacontenido 
337 |a sin mediación  |b n  |2 rdamedio 
338 |a volumen  |b nc  |2 rdasoporte 
649 |a XX 
650 |a Alemán -  |x Estudio y Enseñanza 
910 |a Fondo General 
920 |a Impresos - Libros 
930 |a Colección General 
905 |a 101 
901 |a 040840  |b IT1  |c ACC  |i 040840  |u 20250521 
902 |a https://opac.biblio.iteso.mx/vufind/Record/000219687